|
|
|
|
| LEADER |
01323nam a2200253 a 4500 |
| 001 |
GR-MES1172 |
| 008 |
991111s1976 gr 000 0 gre d |
| 040 |
|
|
|a GrPaTEI
|b gre
|c GR-PaULI
|
| 245 |
0 |
2 |
|a Η οικονομική θεωρία του σοσιαλισμού =
|b on the economic theory of socialism.
|
| 260 |
|
|
|a Αθήνα :
|b Σμπήλιας,
|c 1976
|
| 300 |
|
|
|a 158σελ.
|
| 500 |
|
|
|a βιβλιογραφία:σελ(157-158)
|
| 650 |
|
4 |
|a Οικονομία
|
| 650 |
|
4 |
|a ΣΟΣΙΑΛΙΣΜΟΣ
|
| 700 |
1 |
|
|a Lange, Oskar
|
| 700 |
1 |
|
|a Taylor, Fred
|
| 700 |
1 |
|
|a Μάλλιαρης, Πέτρος
|
| 710 |
0 |
|
|a Σμπήλιας
|
| 942 |
|
|
|2 ddc
|
| 952 |
|
|
|0 1
|1 0
|2 ddc
|4 0
|6 330_159000000000000_LAN
|7 0
|9 265125
|a MSLG
|b MSLG
|c BSC
|d 2021-01-17
|e 24
|f 0
|g 0.00
|l 0
|o 330.159 LAN
|p 2420000000334
|r 2021-01-17 00:00:00
|t 1
|w 2021-01-17
|y BK15
|x 19991111 0 1
|x GrPaTEI
|
| 952 |
|
|
|0 0
|1 0
|2 ddc
|4 0
|6 330_159000000000000_LAN
|7 0
|9 265126
|a MSLG
|b MSLG
|c BSC
|d 2021-01-17
|e 24
|f 0
|g 0.00
|l 0
|o 330.159 LAN
|p 2420000001875
|r 2021-01-17 00:00:00
|t 1
|w 2021-01-17
|y BK15
|x 19991111 0 1
|x GrPaTEI
|
| 952 |
|
|
|0 0
|1 0
|2 ddc
|4 0
|6 330_159000000000000_LAN
|7 0
|9 265127
|a MSLG
|b MSLG
|c BSC
|d 2021-01-17
|e 24
|f 0
|g 0.00
|l 0
|o 330.159 LAN
|p 2420000001876
|r 2021-01-17 00:00:00
|t 1
|w 2021-01-17
|y BK15
|x 19991111 0 1
|x GrPaTEI
|
| 971 |
|
|
|a .b25722141
|b 16-04-20
|c 13-09-16
|
| 999 |
|
|
|c 152441
|d 152441
|